Top 10 Cities with Most Bilionaires - Statistics

General Stats
  • This quiz has been taken 289 times
    282 since last reset
  • The average score is 6 of 10
Answer Stats
Rank No. Of billionaires City % Correct
1. 79 New York
99%
5. 48 London
90%
4. 51 Beijing
80%
7. 31 Shanghai
74%
3. 60 Moscow
71%
2. 68 Hong Kong
59%
6. 32 Mumbai
45%
8. 30 Seoul
44%
10. 28 San Francisco
42%
9. 30 Shenzhen
14%
No matching quizzes found
Score Distribution
Percent of People with Each Score
Percentile by Number Answered
Your Score History
You have not taken this quiz since the last reset